000
00328 a2200157 4500
001
58341
020
_a
040
_c
Anchieta - Pituba
100
_a
Andrade, Carlos Drummond de
240
1
0
_a
Boca de luar
_l
por
245
1
0
_a
Boca de luar
300
_a
200
362
0
_a
1984
650
4
_a
Ficção brasileira
942
_c
BK
999
_c
58341
_d
58341